| 000 | 00806nam a22002537a 4500 | ||
|---|---|---|---|
| 005 | 20220714160848.0 | ||
| 008 | 220714b ||||| |||| 00| 0 eng d | ||
| 040 | _cAL | ||
| 041 | _aEnglish | ||
| 082 |
_223 _a294.5172 _bBHAC |
||
| 100 |
_aSwami Bhaktipad _949577 |
||
| 245 | _aChrist and Krishna: The Path of Pure Devotion | ||
| 260 |
_aHrishikesh _bNew Madhuban Publications _c1997 |
||
| 300 |
_a202 p. _bPB _c22x14 cm. |
||
| 650 |
_aKrishna (Hindu deity) _949578 |
||
| 650 |
_aHindu interpretations of Jesus Christ _949579 |
||
| 650 |
_aInterfaith relations _949580 |
||
| 650 |
_aJesus Christ _949581 |
||
| 650 |
_aInternational Society for Krishna Consciousness _949582 |
||
| 650 |
_aChristianity _949583 |
||
| 650 |
_aHinduism _949584 |
||
| 700 |
_aBHAKTIPAD (SWAMI) _949585 |
||
| 942 |
_2ddc _cGF |
||
| 999 |
_c223789 _d223789 |
||